00480nam a2200145Ia 450000500170000000800410001702000180005808200130007610000190008924500150010826000090012330000140013250001760014665000120032220250723104353.0250723s9999 xx 000 0 und d a9780195114362 a947bMCC aMcCannon, John 0aRed Arctic c1998 a255 pages aMcCannon also exposes the reality behind these exploits: chaotic blunders, bureaucratic competition, and the eventual rise of the GULAG as the dominant force in the North. aHistory